Sergio Ramírez: autobiografía de un exvicepresidente sandinista en tres actos /

Guardado en:
Bibliografiske detaljer
Hovedforfatter: Colín, José Juan
Andre forfattere: Ramírez, Sergio
Format: Texto
Fag:
Tags: Tilføj Tag
Ingen Tags, Vær først til at tagge denne postø!

MARC

LEADER 00000 a a2200000 04500
001 4961
003
040
100 |a Colín, José Juan  
245 |a Sergio Ramírez:   |b autobiografía de un exvicepresidente sandinista en tres actos /  |c José Juan Colín ; Sergio Ramírez 
650 |a BIBLIOGRAFIA  
650 |a LITERATURA  
700 |a Ramírez, Sergio  
773 |g número 8 Spring; páginas  
999 |c 40130  |d 40130